000 00517nam a2200181Ia 4500
001 15208
005 20260306165011.0
008 260306t1977||||xx |||||||||||||| ||spa||
041 _aESP
082 _a530.076
_bP59
100 _aPinzon Escamilla, Alvaro
_eAUT
245 0 _aFísica II:
_bconceptos fundamentales y su aplicación. Teoría. 428 problemas resueltos. 81 ejercicios propuestos
260 _c1977
300 _a285 páginas :
_c27 cm.
650 _aGEN
654 _aCCN
942 _cLIB
_dJUS
_fJUS
_2ddc
_n
999 _c15208
_d15208